Inducción y autoinducción

-д хадгалсан:
Номзүйн дэлгэрэнгүй
Үндсэн зохиолч: Rieger, Heinz (Зохиогч)
Байгууллагын зохиогч: Siemens Aktiengesellschaft (Зохиогч)
Формат: Ном
Хэл сонгох:испани
Хэвлэсэн: Barcelona Marcombo; Berlín - Siemens Aktiengesellschaft 1988
Цуврал:EP, 21
Нөхцлүүд:
Шошгууд: Шошго нэмэх
Шошго байхгүй, Энэхүү баримтыг шошголох эхний хүн болох!

MARC

LEADER 00000nam a2200000 a 4500
001 UCV6214
003 CL-VaPUC
008 900410e19880000SP |||||||||||||||||spa|d
082 0 4 |a 621.319  |b RIE  |2 21 
100 0 |a Rieger, Heinz  |e author  |9 300456 
110 2 |a Siemens Aktiengesellschaft  |e author  |9 300457 
245 1 0 |a Inducción y autoinducción 
300 |a 85 p 
942 |c BK 
945 |d 19900410 00:00:00 
260 |a Barcelona  |b Marcombo; Berlín - Siemens Aktiengesellschaft  |c 1988 
650 7 |a INDUCCION ELECTRICA ENSEÑANZA PROGRAMADA  |2 CL-VaPUC  |9 263232 
583 |a last modification  |c 19900410 00:00:00  |k Rodrigo Vera 
490 0 |a EP, 21 
999 |c 212404  |d 212402 
952 |0 0  |1 0  |4 0  |6 621_319000000000000_RIE_1988  |7 0  |8 A  |9 193341  |a BIBING  |b BIBING  |d 2019-11-14  |i 2611015  |o 621.319 RIE 1988  |p 2611015  |r 2025-01-20  |w 2019-11-14  |y BK  |k EIE 
952 |0 0  |1 0  |4 0  |6 621_319000000000000_RIE_1988  |7 0  |8 A  |9 193342  |a BIBING  |b BIBING  |d 2019-11-14  |i 2611023  |o 621.319 RIE 1988  |p 2611023  |r 2025-01-20  |w 2019-11-14  |y BK  |k EIE 
952 |0 0  |1 0  |4 0  |6 621_319000000000000_RIE_1988  |7 0  |8 A  |9 193343  |a BIBING  |b BIBING  |d 2019-11-14  |i 2611031  |o 621.319 RIE 1988  |p 2611031  |r 2025-01-20  |w 2019-11-14  |y BK  |k EIE 
952 |0 0  |1 0  |4 0  |6 621_319000000000000_RIE_1988  |7 0  |8 A  |9 193344  |a BIBING  |b BIBING  |d 2019-11-14  |i 261104K  |o 621.319 RIE 1988  |p 261104K  |r 2025-01-20  |w 2019-11-14  |y BK  |k EIE 
952 |0 0  |1 0  |4 0  |6 621_319000000000000_RIE_1988  |7 0  |8 A  |9 193345  |a BIBING  |b BIBING  |d 2019-11-14  |i 2611058  |o 621.319 RIE 1988  |p 2611058  |r 2025-01-20  |w 2019-11-14  |y BK  |k EIE